[Event "IECG WC.2005.T.00001 email"]
[Site "IECG email"]
[Date "2004.12.15"]
[Round "?"]
[White "De Silva, Dinesh"]
[Black "Richard, Phil"]
[Result "1-0"]
[WhiteElo "2381"]
[BlackElo "2368"]
[PlyCount "45"]
[EventDate "2004.12.15"]
[EventType "tourn (corr)"]
[EventRounds "10"]
[SourceTitle "Corr 2008"]
[Source "ChessBase"]
[SourceDate "2008.06.24"]
[SourceVersion "1"]
[SourceVersionDate "2008.06.24"]
[SourceQuality "1"]

1. d4 Nf6 2. c4 e6 3. Nc3 d5 4. cxd5 exd5 5. Bg5 c6 6. Qc2 Be7 7. e3 h6 8. Bf4 0-0 9. Nf3 Nh5 10. Be5 Nd7 11. Be2 Nhf6 12. 0-0 Nxe5 13. dxe5 Nh7 14. Nd4 Ng5 15. f4 Ne6 16. Nf5 Nc7 17. e4 dxe4 18. Nxe7+ Qxe7 19. Qxe4 f5 20. Qe3 Be6 21. Rad1 Rfd8 22. a3 Qb4 23. axb4 1-0

[Event "IECG WC.2005.T.00001 email"]
[Site "IECG email"]
[Date "2004.12.15"]
[Round "?"]
[White "Richard, Phil"]
[Black "Hotting, Arend"]
[Result "0-1"]
[WhiteElo "2368"]
[BlackElo "2479"]
[PlyCount "44"]
[EventDate "2004.12.15"]
[EventType "tourn (corr)"]
[EventRounds "10"]
[SourceTitle "Corr 2008"]
[Source "ChessBase"]
[SourceDate "2008.06.24"]
[SourceVersion "1"]
[SourceVersionDate "2008.06.24"]
[SourceQuality "1"]

1. e4 c5 2. Nf3 d6 3. d4 cxd4 4. Nxd4 Nf6 5. Nc3 a6 6. Be3 e6 7. Be2 Qc7 8. f4 b5 9. Bf3 Bb7 10. a3 Nbd7 11. f5 e5 12. Nb3 Rc8 13. 0-0 Nb6 14. Na5 Ba8 15. Qe2 Be7 16. Rad1 0-0 17. Rfe1 Rfe8 18. Kh1 Nbd7 19. Nb3 d5 20. Nxd5 Bxd5 21. exd5 e4 22. Bxe4 Nxe4 0-1

[Event "CM.2004.0.00257"]
[Site "IECG"]
[Date "2004.10.10"]
[Round "?"]
[White "Marcotulli, Giancarlo"]
[Black "Richard, Phil"]
[Result "0-1"]
[WhiteElo "2260"]
[BlackElo "2367"]
[PlyCount "50"]
[EventDate "2004.10.10"]
[EventType "tourn (corr)"]
[SourceTitle "Corr 2024"]
[Source "ChessBase"]
[SourceDate "2023.10.19"]
[SourceVersion "1"]
[SourceVersionDate "2023.10.19"]
[SourceQuality "1"]

1. e4 c5 2. Nf3 d6 3. d4 cxd4 4. Nxd4 Nf6 5. Nc3 a6 6. Be2 e5 7. Nb3 Be7 8. 0-0 0-0 9. Kh1 Nc6 10. f4 b5 11. Be3 Bb7 12. a4 b4 13. Nd5 Nxe4 14. Bb6 Qd7 15. Qd3 f5 16. Nc7 exf4 17. Qc4+ Kh8 18. Nxa8 Rxa8 19. Rad1 Rc8 20. Rxf4 Ne5 21. Qxb4 Bg5 22. Rff1 Rxc2 23. Nd4 Nc6 24. Qe1 Bd2 25. Qh4 Bg5 0-1

[Event "IECC P email"]
[Site "IECC email"]
[Date "2000.11.07"]
[Round "?"]
[White "Makarczuk, Jacek"]
[Black "Richard, Phil"]
[Result "1/2-1/2"]
[WhiteElo "2126"]
[BlackElo "2137"]
[PlyCount "79"]
[EventDate "2000.??.??"]
[EventType "tourn (corr)"]
[EventRounds "6"]
[SourceTitle "Corr 2008"]
[Source "ChessBase"]
[SourceDate "2008.06.24"]
[SourceVersion "1"]
[SourceVersionDate "2008.06.24"]
[SourceQuality "1"]

1. e4 c5 2. Nf3 d6 3. d4 cxd4 4. Nxd4 Nf6 5. Nc3 a6 6. Bc4 e6 7. Bb3 b5 8. Bg5 Be7 9. Qf3 Qc7 10. 0-0-0 Nbd7 11. Bxf6 Nxf6 12. g4 b4 13. Nce2 Bb7 14. Bxe6 fxe6 15. Nxe6 Qc4 16. Nxg7+ Kf7 17. Rd4 Qxa2 18. Nh5 Qe6 19. Nhf4 Qe5 20. g5 Qxg5 21. Rxb4 Bc8 22. Rg1 Qe5 23. Nd5 a5 24. Rd4 a4 25. h4 Qh5 26. Qxh5+ Nxh5 27. Nxe7 Kxe7 28. Rg5 Nf6 29. f4 Be6 30. Rg7+ Bf7 31. Ng3 Ne8 32. Nf5+ Ke6 33. Rg2 Rg8 34. Rg5 a3 35. bxa3 Rxa3 36. Rb4 Ra7 37. Nh6 Rxg5 38. hxg5 Bh5 39. Kd2 Ke7 40. Ke3 1/2-1/2

[Event "IECG WC.2002.S.00007 email"]
[Site "IECG email"]
[Date "2000.??.??"]
[Round "?"]
[White "Barlow, John A"]
[Black "Richard, Phil"]
[Result "0-1"]
[WhiteElo "2469"]
[BlackElo "2231"]
[PlyCount "68"]
[EventDate "2000.03.10"]
[EventType "tourn (corr)"]
[EventRounds "8"]
[SourceTitle "Corr 2008"]
[Source "ChessBase"]
[SourceDate "2008.06.24"]
[SourceVersion "1"]
[SourceVersionDate "2008.06.24"]
[SourceQuality "1"]

1. e4 e5 2. Nf3 Nc6 3. d4 exd4 4. Nxd4 Nf6 5. Nxc6 bxc6 6. e5 Qe7 7. Qe2 Nd5 8. c4 Ba6 9. b3 Qh4 10. a3 Bc5 11. g3 Bxf2+ 12. Qxf2 Qe4+ 13. Kd1 Qxh1 14. Nd2 Nc3+ 15. Kc2 Ne4 16. Nxe4 Qxe4+ 17. Bd3 Qg4 18. Bf5 Qh5 19. h4 f6 20. exf6 gxf6 21. Bb2 0-0 22. Bxd7 Bc8 23. Bxc6 Bf5+ 24. Kd2 Rad8+ 25. Bd4 Rd6 26. Bd5+ Be6 27. g4 Qh6+ 28. Be3 Qg7 29. Bc5 Bxd5 30. Bxd6 cxd6 31. cxd5 f5 32. Rc1 fxg4 33. Qe3 g3 34. Kd3 Qg6+ 0-1

[Event "IECG CM.2000.0.00102"]
[Site "IECG email"]
[Date "2000.??.??"]
[Round "?"]
[White "Richard, Phil"]
[Black "Barnsley, Anthony R"]
[Result "1-0"]
[WhiteElo "2231"]
[BlackElo "2412"]
[PlyCount "109"]
[EventDate "2000.03.13"]
[EventType "tourn (corr)"]
[EventRounds "6"]
[SourceTitle "Corr 2008"]
[Source "ChessBase"]
[SourceDate "2008.06.24"]
[SourceVersion "1"]
[SourceVersionDate "2008.06.24"]
[SourceQuality "1"]

1. c4 c5 2. g3 g6 3. Nc3 Bg7 4. Bg2 Nc6 5. Nf3 Nh6 6. 0-0 Nf5 7. d3 b6 8. Bf4 Bb7 9. Qc1 d6 10. g4 Nfd4 11. Bh6 Nxf3+ 12. Bxf3 0-0 13. Bxg7 Kxg7 14. Qf4 Qd7 15. Bd5 e6 16. Bg2 f5 17. g5 Rh8 18. Bxc6 Bxc6 19. d4 cxd4 20. Qxd4+ e5 21. Qh4 h6 22. f3 hxg5 23. Qxg5 f4 24. Rad1 Rh5 25. Qg2 Qe7 26. Kh1 Rah8 27. Rf2 Qe6 28. b3 Kf7 29. Nd5 Bxd5 30. Rxd5 Ke7 31. Qg1 g5 32. Rg2 Qh3 33. b4 Ke6 34. Rd1 R8h7 35. c5 bxc5 36. bxc5 d5 37. Rb1 d4 38. c6 Kd6 39. Rb8 R5h6 40. Rg8 Kxc6 41. Qc1+ Kd5 42. Rd8+ Rd6 43. Rc8 Rb6 44. Qc5+ Ke6 45. Re8+ Kd7 46. Qc8+ Kd6 47. Rd8+ Rd7 48. Rg1 Rc6 49. Qb8+ Kd5 50. Qb5+ Kd6 51. Rf8 Qe6 52. Rxg5 Rb6 53. Qa4 Qe7 54. Rg6+ Kd5 55. Rc8 1-0

[Event "IECG WC.2002.S.00007 email"]
[Site "IECG email"]
[Date "2000.??.??"]
[Round "?"]
[White "Richard, Phil"]
[Black "Nunes, Jose Manoel CP"]
[Result "1-0"]
[WhiteElo "2231"]
[BlackElo "1584"]
[PlyCount "63"]
[EventDate "2000.03.10"]
[EventType "tourn (corr)"]
[EventRounds "8"]
[SourceTitle "Corr 2008"]
[Source "ChessBase"]
[SourceDate "2008.06.24"]
[SourceVersion "1"]
[SourceVersionDate "2008.06.24"]
[SourceQuality "1"]

1. c4 e5 2. Nc3 Nc6 3. g3 g6 4. Bg2 Bg7 5. e3 d6 6. Nge2 h5 7. d4 h4 8. d5 Nce7 9. e4 f5 10. Bg5 h3 11. Bf1 Rh5 12. Qd2 Bf6 13. Be3 Bg7 14. f3 Rh8 15. exf5 Nxf5 16. Bg5 Bf6 17. Ne4 Be7 18. 0-0-0 b5 19. cxb5 a6 20. g4 Nh4 21. Bxe7 Nxe7 22. f4 axb5 23. N2c3 b4 24. fxe5 Bxg4 25. Nf6+ Kf8 26. Nxg4 bxc3 27. Qxc3 Rh5 28. Bxh3 Rxa2 29. Nf6 Rh6 30. Nd7+ Ke8 31. exd6 cxd6 32. Qg7 1-0

[Event "IECG QM.2000.0.00025 email"]
[Site "IECG email"]
[Date "2000.??.??"]
[Round "?"]
[White "Richard, Phil"]
[Black "Stamer, Wolfgang"]
[Result "1-0"]
[WhiteElo "2214"]
[BlackElo "2300"]
[PlyCount "73"]
[EventDate "2000.02.15"]
[EventType "tourn (corr)"]
[EventRounds "6"]
[SourceTitle "Corr 2008"]
[Source "ChessBase"]
[SourceDate "2008.06.24"]
[SourceVersion "1"]
[SourceVersionDate "2008.06.24"]
[SourceQuality "1"]

1. c4 f5 2. d4 e5 3. dxe5 Nc6 4. Nf3 Bb4+ 5. Nc3 Bxc3+ 6. bxc3 Nge7 7. h4 0-0 8. h5 h6 9. Bf4 b6 10. Qd3 Na5 11. 0-0-0 Nb7 12. Nd4 Nc5 13. Qg3 Kh8 14. Qh4 Qe8 15. Rg1 Qf7 16. g4 fxg4 17. e3 Bb7 18. Qxg4 Rad8 19. f3 Bc8 20. Rd2 Rg8 21. Qh4 Bb7 22. Rdg2 Ne6 23. Nxe6 dxe6 24. e4 c5 25. Be2 Rdf8 26. Be3 Nc6 27. Rg6 Nxe5 28. Bxh6 Nxf3 29. Bxf3 Qxf3 30. Qe1 Bxe4 31. Bxg7+ Rxg7 32. Rxg7 Qd3 33. Kb2 Qc2+ 34. Ka1 Rd8 35. R7g3 Kh7 36. Qf1 Bf5 37. Qf3 1-0

[Event "IECG CP.1999.P.00049"]
[Site "IECG email"]
[Date "1999.10.01"]
[Round "?"]
[White "Bonoldi, Fabio"]
[Black "Richard, Phil"]
[Result "1/2-1/2"]
[WhiteElo "1864"]
[BlackElo "2225"]
[PlyCount "39"]
[EventDate "1999.10.01"]
[EventType "tourn (corr)"]
[EventRounds "6"]
[EventCountry "ARG"]
[SourceTitle "Corr 2008"]
[Source "ChessBase"]
[SourceDate "2008.06.24"]
[SourceVersion "1"]
[SourceVersionDate "2008.06.24"]
[SourceQuality "1"]

1. d4 d5 2. c4 e6 3. Nc3 Nf6 4. Nf3 Be7 5. Bg5 0-0 6. e3 h6 7. Bh4 b6 8. Qc2 Bb7 9. Rd1 Nbd7 10. cxd5 Nxd5 11. Bg3 Nxc3 12. Qxc3 Nf6 13. Bd3 Qd5 14. 0-0 c5 15. dxc5 Qxc5 16. Qxc5 Bxc5 17. Nd4 Bxd4 18. exd4 Rac8 19. Rc1 Rfd8 20. Rxc8 1/2-1/2

[Event "IECC P email"]
[Site "IECC email"]
[Date "1999.09.06"]
[Round "?"]
[White "Richard, Phil"]
[Black "Angus, George"]
[Result "1-0"]
[WhiteElo "2114"]
[BlackElo "2051"]
[PlyCount "49"]
[EventDate "1999.??.??"]
[EventType "tourn (corr)"]
[EventRounds "6"]
[SourceTitle "Corr 2008"]
[Source "ChessBase"]
[SourceDate "2008.06.24"]
[SourceVersion "1"]
[SourceVersionDate "2008.06.24"]
[SourceQuality "1"]

1. e4 Nf6 2. e5 Nd5 3. d4 d6 4. Nf3 g6 5. Bc4 Nb6 6. Bb3 Bg7 7. exd6 cxd6 8. 0-0 d5 9. Bf4 Nc6 10. Re1 Nc4 11. Bxc4 dxc4 12. c3 Qd5 13. Nbd2 0-0 14. b3 cxb3 15. axb3 Qf5 16. Be5 Nxe5 17. Nxe5 Qf4 18. Ndf3 Qf6 19. h3 Bf5 20. c4 Qd6 21. Qc1 a6 22. c5 Qd8 23. Qe3 Qd5 24. Nc4 Qxc5 25. dxc5 1-0

[Event "IECG Q1.1999.0.00083"]
[Site "IECG email"]
[Date "1999.07.10"]
[Round "?"]
[White "Celedon, Ivan"]
[Black "Richard, Phil"]
[Result "0-1"]
[WhiteElo "2095"]
[BlackElo "2150"]
[PlyCount "94"]
[EventDate "1999.07.10"]
[EventType "tourn (corr)"]
[EventRounds "6"]
[SourceTitle "Corr 2008"]
[Source "ChessBase"]
[SourceDate "2008.06.24"]
[SourceVersion "1"]
[SourceVersionDate "2008.06.24"]
[SourceQuality "1"]

1. d4 Nf6 2. c4 e6 3. g3 d5 4. Bg2 Be7 5. Qc2 Nc6 6. Nf3 Nb4 7. Qb3 c5 8. a3 dxc4 9. Qxc4 b5 10. Qxb5+ Bd7 11. Qc4 Rc8 12. 0-0 cxd4 13. Qb3 Nc2 14. Ra2 Qa5 15. Nc3 Ne3 16. Bxe3 dxe3 17. fxe3 Qc5 18. Nd1 0-0 19. Ne1 Rfd8 20. Nd3 Qh5 21. Nf4 Qa5 22. Qb7 Rc7 23. Qf3 Bc6 24. Qf2 Ng4 25. Qe1 Qb6 26. Bxc6 Rxc6 27. Ra1 Rc2 28. Ng2 Qb5 29. a4 Qh5 30. h4 Qe5 31. Rf4 f5 32. Rb1 Rdd2 33. Rc1 Rxe2 34. Rxc2 Rxc2 35. Rd4 a5 36. Nc3 Rxb2 37. Nd1 Rc2 38. Rf4 Qd5 39. Qf1 Bc5 40. Qf3 Qd8 41. Rxg4 fxg4 42. Qxg4 Rc1 43. Qxe6+ Kh8 44. Kh2 Rxd1 45. Nf4 Bd6 46. Kh3 Bxf4 47. exf4 Qd7 0-1

[Event "IECG Q1.1999.0.00083"]
[Site "IECG email"]
[Date "1999.07.10"]
[Round "?"]
[White "Richard, Phil"]
[Black "Celedon, Ivan"]
[Result "1/2-1/2"]
[WhiteElo "2150"]
[BlackElo "2095"]
[PlyCount "63"]
[EventDate "1999.07.10"]
[EventType "tourn (corr)"]
[EventRounds "6"]
[SourceTitle "Corr 2008"]
[Source "ChessBase"]
[SourceDate "2008.06.24"]
[SourceVersion "1"]
[SourceVersionDate "2008.06.24"]
[SourceQuality "1"]

1. e4 d6 2. d4 Nf6 3. Nc3 g6 4. Be2 Bg7 5. Be3 0-0 6. g4 c6 7. g5 Ne8 8. h4 b5 9. h5 e5 10. dxe5 b4 11. Na4 Qa5 12. hxg6 fxg6 13. c3 bxc3 14. Qb3+ Kh8 15. Nxc3 Bxe5 16. Nf3 Bxc3+ 17. bxc3 c5 18. Rc1 Qc7 19. Nh4 Kg7 20. f4 Bb7 21. Qc2 Qe7 22. Bd3 Nd7 23. Qh2 Kf7 24. f5 Ne5 25. Bc2 Bxe4 26. 0-0 Bxc2 27. Nxg6 Nxg6 28. Qxh7+ Ng7 29. fxg6+ Ke6 30. Rxf8 Rxf8 31. Rxc2 Rf3 32. Bc1 1/2-1/2

[Event "IECG L1.1999.0.00001 email"]
[Site "IECG email"]
[Date "1999.05.28"]
[Round "?"]
[White "Dijksman, Leo"]
[Black "Richard, Phil"]
[Result "1/2-1/2"]
[WhiteElo "2066"]
[BlackElo "2092"]
[PlyCount "65"]
[EventDate "1999.05.28"]
[EventType "tourn (corr)"]
[EventRounds "14"]
[SourceTitle "Corr 2008"]
[Source "ChessBase"]
[SourceDate "2008.06.24"]
[SourceVersion "1"]
[SourceVersionDate "2008.06.24"]
[SourceQuality "1"]

1. d4 Nf6 2. c4 e6 3. Nf3 d5 4. Nc3 Bb4 5. Bg5 h6 6. Bxf6 Qxf6 7. Qb3 Nc6 8. e3 dxc4 9. Bxc4 0-0 10. 0-0 Bd6 11. Ne4 Qe7 12. Nxd6 cxd6 13. Rac1 Na5 14. Qa3 Nxc4 15. Rxc4 b5 16. Rc6 Rd8 17. Rfc1 Bb7 18. Rc7 Rd7 19. Qa5 Qd8 20. Nd2 e5 21. Nb3 Bd5 22. R7c3 Qg5 23. g3 Qg4 24. Nd2 exd4 25. Rd3 dxe3 26. Rxd5 exd2 27. Qxd2 Qa4 28. a3 Rad8 29. Qd3 Qa6 30. Rd1 Qc6 31. Qxb5 Qxb5 32. Rxb5 d5 33. Rd4 1/2-1/2

[Event "IECG L1.1999.0.00001 email"]
[Site "IECG email"]
[Date "1999.05.28"]
[Round "?"]
[White "Loskarn, Peter"]
[Black "Richard, Phil"]
[Result "1/2-1/2"]
[WhiteElo "2042"]
[BlackElo "2092"]
[PlyCount "90"]
[EventDate "1999.05.28"]
[EventType "tourn (corr)"]
[EventRounds "14"]
[SourceTitle "Corr 2008"]
[Source "ChessBase"]
[SourceDate "2008.06.24"]
[SourceVersion "1"]
[SourceVersionDate "2008.06.24"]
[SourceQuality "1"]

1. e4 c5 2. b4 cxb4 3. d4 d5 4. e5 Nc6 5. a3 Qb6 6. Ne2 Bf5 7. axb4 Nxb4 8. Na3 Rc8 9. Nf4 a6 10. c4 dxc4 11. Bxc4 Nc2+ 12. Nxc2 Rxc4 13. Ne3 Rxd4 14. Bd2 Rxf4 15. Ba5 Qd4 16. Qxd4 Rxd4 17. Nxf5 Re4+ 18. Ne3 Rxe5 19. 0-0 Re6 20. Nd5 Rd6 21. Nc7+ Kd7 22. Rab1 b5 23. Rfd1 e6 24. Nxa6 Rxd1+ 25. Rxd1+ Kc6 26. Nb8+ Kb7 27. Rd7+ Kxb8 28. Rd8+ Kb7 29. Rxf8 f6 30. f3 Kc6 31. Rc8+ Kd5 32. Kf2 e5 33. Ke3 h5 34. Bb4 h4 35. Kd3 Ke6 36. Ke4 Kf7 37. Rb8 Kg6 38. Be1 Kh7 39. Rxb5 Nh6 40. Bxh4 Ra8 41. g4 Ra4+ 42. Kd3 Rf4 43. Ke2 e4 44. Rb3 exf3+ 45. Rxf3 Re4+ 1/2-1/2

[Event "IECG L1.1999.0.00001 email"]
[Site "IECG email"]
[Date "1999.05.28"]
[Round "?"]
[White "Richard, Phil"]
[Black "Crnic, Narcis"]
[Result "1/2-1/2"]
[WhiteElo "2092"]
[BlackElo "2025"]
[PlyCount "84"]
[EventDate "1999.05.28"]
[EventType "tourn (corr)"]
[EventRounds "14"]
[SourceTitle "Corr 2008"]
[Source "ChessBase"]
[SourceDate "2008.06.24"]
[SourceVersion "1"]
[SourceVersionDate "2008.06.24"]
[SourceQuality "1"]

1. d4 Nf6 2. c4 e6 3. Nf3 d5 4. Nc3 c6 5. e3 Nbd7 6. Bd3 Bd6 7. e4 dxe4 8. Nxe4 Nxe4 9. Bxe4 Nf6 10. Bc2 b5 11. c5 Bc7 12. 0-0 h6 13. Ne5 Bb7 14. f4 0-0 15. Qd3 Re8 16. Be3 a5 17. Bf2 b4 18. Rfe1 Ba6 19. Qf3 Qd5 20. Nxc6 Qxf3 21. gxf3 Bxf4 22. Nxa5 Bd2 23. Red1 Bf4 24. Be4 Nxe4 25. fxe4 f5 26. Nc6 Be2 27. Re1 Bf3 28. Nxb4 Bd2 29. exf5 Bxb4 30. Rxe6 Kf7 31. Rxe8 Rxe8 32. a3 Bd2 33. b4 Ra8 34. b5 Bc3 35. Rb1 Rxa3 36. c6 Kf6 37. b6 Bxc6 38. b7 Bxb7 39. Rxb7 Ra4 40. Rd7 Kxf5 41. Kg2 Ke6 42. Rd8 Ke7 1/2-1/2

[Event "IECG L1.1999.0.00001 email"]
[Site "IECG email"]
[Date "1999.05.28"]
[Round "?"]
[White "Richard, Phil"]
[Black "Makowiecki, Zbigniew"]
[Result "1-0"]
[WhiteElo "2092"]
[BlackElo "2000"]
[PlyCount "57"]
[EventDate "1999.05.28"]
[EventType "tourn (corr)"]
[EventRounds "14"]
[SourceTitle "Corr 2008"]
[Source "ChessBase"]
[SourceDate "2008.06.24"]
[SourceVersion "1"]
[SourceVersionDate "2008.06.24"]
[SourceQuality "1"]

1. d4 Nf6 2. c4 g6 3. Nc3 Bg7 4. e4 d6 5. Nf3 0-0 6. Be2 Nbd7 7. 0-0 c5 8. e5 Ne8 9. Be3 Nc7 10. exd6 exd6 11. Qd2 Re8 12. Rfe1 Ne6 13. Rad1 b6 14. Nb5 Nf6 15. dxc5 dxc5 16. Qc1 Qe7 17. Ng5 Rd8 18. Rxd8+ Nxd8 19. Bf4 Ne6 20. Bd6 Qd7 21. Nxe6 fxe6 22. Rd1 Qf7 23. Nc7 Rb8 24. Nxe6 Bxe6 25. Bxb8 Nd7 26. b3 Bd4 27. Bg3 Nf6 28. Bf3 Kg7 29. Qf4 1-0

[Event "IECG L1.1999.0.00001 email"]
[Site "IECG email"]
[Date "1999.05.28"]
[Round "?"]
[White "Richard, Phil"]
[Black "Nava Baro, Enrique"]
[Result "1/2-1/2"]
[WhiteElo "2092"]
[BlackElo "2139"]
[PlyCount "39"]
[EventDate "1999.05.28"]
[EventType "tourn (corr)"]
[EventRounds "14"]
[SourceTitle "Corr 2008"]
[Source "ChessBase"]
[SourceDate "2008.06.24"]
[SourceVersion "1"]
[SourceVersionDate "2008.06.24"]
[SourceQuality "1"]

1. d4 d5 2. c4 c6 3. Nf3 Nf6 4. e3 e6 5. Nc3 Nbd7 6. Bd3 dxc4 7. Bxc4 b5 8. Bd3 a6 9. e4 c5 10. e5 cxd4 11. Nxb5 Nxe5 12. Nxe5 axb5 13. Bxb5+ Bd7 14. Nxd7 Qa5+ 15. Bd2 Qxb5 16. Nxf6+ gxf6 17. Qf3 Rd8 18. a4 Qxb2 19. Qc6+ Rd7 20. Qc8+ 1/2-1/2

[Event "IECG L1.1999.0.00001 email"]
[Site "IECG email"]
[Date "1999.05.28"]
[Round "?"]
[White "Richard, Phil"]
[Black "Romanski, Jan"]
[Result "1-0"]
[WhiteElo "2092"]
[BlackElo "1963"]
[PlyCount "69"]
[EventDate "1999.05.28"]
[EventType "tourn (corr)"]
[EventRounds "14"]
[SourceTitle "Corr 2008"]
[Source "ChessBase"]
[SourceDate "2008.06.24"]
[SourceVersion "1"]
[SourceVersionDate "2008.06.24"]
[SourceQuality "1"]

1. d4 Nf6 2. c4 g6 3. Nc3 d5 4. cxd5 Nxd5 5. e4 Nxc3 6. bxc3 c5 7. Nf3 Bg7 8. Rb1 0-0 9. Be2 Nc6 10. d5 Bxc3+ 11. Bd2 Bxd2+ 12. Qxd2 Nd4 13. Nxd4 cxd4 14. Qxd4 Qa5+ 15. Qd2 Qxd2+ 16. Kxd2 Rd8 17. Ke3 b6 18. Rhc1 e6 19. Bc4 e5 20. Be2 Bd7 21. Rc7 Kf8 22. f4 f6 23. fxe5 fxe5 24. Rf1+ Ke8 25. Ba6 b5 26. d6 Rab8 27. Rc5 Be6 28. Bxb5+ Rxb5 29. Rxb5 Rxd6 30. Rxe5 Kd7 31. Rf6 Ra6 32. Rexe6 Rxe6 33. Rxe6 Kxe6 34. Kd4 a5 35. e5 1-0

[Event "IECG L1.1999.0.00001 email"]
[Site "IECG email"]
[Date "1999.05.28"]
[Round "?"]
[White "Richard, Phil"]
[Black "Rusak, Alexandr Victorovic"]
[Result "1-0"]
[WhiteElo "2092"]
[BlackElo "1985"]
[PlyCount "59"]
[EventDate "1999.05.28"]
[EventType "tourn (corr)"]
[EventRounds "14"]
[SourceTitle "Corr 2008"]
[Source "ChessBase"]
[SourceDate "2008.06.24"]
[SourceVersion "1"]
[SourceVersionDate "2008.06.24"]
[SourceQuality "1"]

1. d4 d5 2. c4 c6 3. Nf3 Nf6 4. cxd5 cxd5 5. Nc3 Nc6 6. Bf4 Bf5 7. e3 e6 8. Bb5 Nd7 9. 0-0 Be7 10. Rc1 Rc8 11. Na4 0-0 12. Qd2 Nf6 13. Bxc6 Rxc6 14. Rxc6 bxc6 15. Ne5 Qa8 16. Rc1 Rc8 17. f3 h6 18. g4 Bh7 19. Nc5 Ne8 20. Qa5 Bd6 21. b3 Rc7 22. Na6 f6 23. Qa4 fxe5 24. Nxc7 Nxc7 25. dxe5 Bf8 26. Qxc6 Qxc6 27. Rxc6 Nb5 28. a4 Na3 29. Rxe6 Nc2 30. Rc6 1-0

[Event "IECG L1.1999.0.00001 email"]
[Site "IECG email"]
[Date "1999.05.28"]
[Round "?"]
[White "Trani, Francesco"]
[Black "Richard, Phil"]
[Result "1/2-1/2"]
[WhiteElo "1986"]
[BlackElo "2092"]
[PlyCount "84"]
[EventDate "1999.05.28"]
[EventType "tourn (corr)"]
[EventRounds "14"]
[SourceTitle "Corr 2008"]
[Source "ChessBase"]
[SourceDate "2008.06.24"]
[SourceVersion "1"]
[SourceVersionDate "2008.06.24"]
[SourceQuality "1"]

1. e4 c5 2. Nf3 d6 3. c3 Nf6 4. Bc4 Nxe4 5. Qa4+ Nc6 6. Bxf7+ Kxf7 7. Qxe4 g6 8. 0-0 Bf5 9. Ng5+ Kf6 10. Qe3 h6 11. Nf3 Qb6 12. Nh4 Re8 13. Na3 e6 14. Nxf5 gxf5 15. Nc2 Rg8 16. Rd1 d5 17. d4 Rg6 18. Qe2 cxd4 19. Nxd4 Nxd4 20. Rxd4 Qc6 21. Bd2 e5 22. Rd3 Qb5 23. Qd1 Qxb2 24. Rxd5 b6 25. a4 Bc5 26. a5 Re7 27. axb6 axb6 28. Ra8 f4 29. Qe1 Qc2 30. Kh1 Rg5 31. Rc8 Qf5 32. Rf8+ Rf7 33. Rxf7+ Kxf7 34. Qf1 Qc2 35. c4 Rg6 36. Qe2 e4 37. h3 e3 38. fxe3 fxe3 39. Rd7+ Ke6 40. Rd3 Qb2 41. Rd5 Rg5 42. Rd3 Rf5 1/2-1/2